| 000 | 02061nam a2200349 i 4500 | ||
|---|---|---|---|
| 003 | DO-SdBNP | ||
| 005 | 20250307073711.0 | ||
| 007 | ta | ||
| 008 | 091102e1923 dr ao 000 e spa d | ||
| 020 | _a9789945250756 | ||
| 040 |
_aDO-SdBNP _bspa _cBNPHU _erda |
||
| 041 | _aspa | ||
| 082 | 0 | 4 |
_bH519s _222 |
| 100 | 1 |
_aHenríquez Ureña, Pedro, _d1884-1946 _eautor _4aut. _91718 |
|
| 245 | 1 | 0 |
_aSeleccion de ensayos de Pedro Henríquez Ureña / _cPedro Henriquez Ureña ; compiladora, Kary Alba Rocha Arias ; diagramador y diseñador de cubierta, Yahaira Fernández Vázquez. |
| 250 | _aPrimera edición | ||
| 264 | 4 |
_aSanto Domingo, República Dominicana : _bArchivo General de la Nación, _c©2023 |
|
| 300 |
_a190 páginas : _bilustraciones, fotografías ; _c21 cm. |
||
| 336 |
_atexto _btxt _2rdacontent |
||
| 337 |
_asin mediación _bn _2rdamedia |
||
| 338 |
_avolumen _bnc _2rdacarrier |
||
| 490 | 0 | _aArchivo General de la Nación. | |
| 490 | 0 |
_aColección juvenil ; _v32 |
|
| 500 | _aIncluye referencias bibliográficas y notas al pie de las páginas. | ||
| 505 |
_aPresentación / _rKary Alba Rocha Arias.-- _gPrimera Parte: _tLa utopía de América.-- Patria de la Justicia.-- Seis ensayos en busca de nuestra expresión: El descontento y la promesa.-- _gSegunda Parte: _tVida intelectual de Santo Domingo .-- La República Dominicana.-- Litertura dominicana.-- La antigua sociedad patriarcal de las Antillas: modaliades arcaicas de la vida en Santo Domingo durante el siglo XIX.-- Casa de Apóstoles.-- En mi tierra.-- La emancipación y primer período de la vida independiente en la isla de Santo Domingo.-- La República Dominicana desde 1973 hasta nuestros días.-- Dos momentos en la historia cultural de Santo Domingo. |
||
| 590 | _aInventariado 2024 / LoPérez | ||
| 600 | 1 | 0 |
_aHenríquez Ureña, Pedro, _d1884-1946 _xVida y obra _91718 |
| 700 | 1 |
_aRocha Arias, Kary Alba, _ecompiladora _4com. _981514 |
|
| 700 | 1 |
_aFernández Vázquez, Yahaira, _ediagramador y diseñador de cubierta _985576 |
|
| 910 | _aLPérez | ||
| 942 |
_2ddc _cLBS1 |
||
| 999 |
_c56766 _d56766 |
||